Dealing with interests, values and knowledge in managing risk workshop proceedings

Gespeichert in:
Bibliographische Detailangaben
Körperschaft: OECD. Nuclear Energy Agency
Format: Buch
Sprache:Englisch
Veröffentlicht: Paris OECD 2004
Schriftenreihe:Radioactive waste management
Schlagworte:
Tags: Tag hinzufügen
Keine Tags, Fügen Sie das erste Tag hinzu!

MARC

LEADER 00000nam$a2200000$$$4500
001 0027470
005 20240104134513.8
020 |a 92-64-00731-8 
041 0 |a eng 
044 |a FR 
245 1 0 |a Dealing with interests, values and knowledge in managing risk  |b workshop proceedings 
264 1 |a Paris  |b OECD  |c 2004 
300 |a 168 s. 
490 1 |a Radioactive waste management 
830 0 |a Radioactive waste management 
610 2 0 |a energia atómová 
610 2 0 |a manažment 
610 2 0 |a odpad 
610 2 0 |a obchod 
610 2 0 |a vedomosti 
610 2 0 |a riadenie 
610 2 0 |a riziko 
610 2 0 |a spolupráca medzinárodná 
710 2 |a OECD. Nuclear Energy Agency